000 00305nam a2200133Ia 4500
005 20251222155053.0
008 251222s9999||||xx |||||||||||||| ||spa||
082 _aREL.105
100 _aKARL Rahner.
245 0 _aCurso fundamental sobre la fe
250 _a3ra. ed.
264 _bHerber
942 _cLIB
999 _c37370
_d37370